| 000 | 00788nam a2200241 i 4500 | ||
|---|---|---|---|
| 001 | 104743 | ||
| 003 | ES-MaACL | ||
| 005 | 20250811062533.0 | ||
| 007 | t| | ||
| 008 | 051212s1986 sp ||||1| spa d | ||
| 020 | _a84-505-4437-8 | ||
| 100 | 1 |
_aMiranda, Fátima. _981518 |
|
| 245 | 1 | 3 |
_aLa fonoteca / _cFátima Miranda Regojo. |
| 260 |
_aMadrid : _bMinisterio de Cultura, Secretaría General Técnica, Subdirección General de Documentación y Publicaciones, _c1986. |
||
| 300 |
_a418 p. ; _c18 cm. |
||
| 490 | 1 |
_aCultura y comunicación ; _v26 |
|
| 504 | _aBibliografía. | ||
| 504 | _aIndice. | ||
| 710 | 1 | 0 |
_aEspaña. _bMinisterio de Cultura _93850 |
| 830 | 0 |
_aCultura y comunicación ; _v26 _9181260 |
|
| 852 |
_aES-MaACL _jL-11946 _bR.112953 |
||
| 999 |
_c104743 _d104743 |
||